00454nam a2200181 a 4500001001300000003000900013005001700022008004100039020001000080082001800090100003000108245001700138260003300155300000800188500003500196650001100231700003000242nice12345678IN_TiNIC20260116011514.0070309s1929 no a grp 000 0 ara  ac10000a297.124bMUS1 aMuslim, Imam Abul Hussain aSahih Muslim aNo Pleace bNo Pleace c1929 a00p aincludes index and biblioraphy aHadith1 aMuslim, Imam Abul Hussain